000 00383nam a22001697a 4500
003 OSt
008 250501b |||||||| |||| 00| 0 eng d
020 _a9789387944893
100 _aSHARMA,Robin
245 _aThe 5AM Club
250 _a49TH
260 _aMumbai
_bJaico Publishing House
_c2025
300 _a314
650 _aGeneral
700 _aPAULO,Coelho
942 _2ddc
_cBK
999 _c13475
_d13475